Ταξίδι στο κέντρο της Γης

Saved in:
Bibliographic Details
Main Author: Verne, Jules, 1828-1905
Other Authors: Βασδέκης, Γεώργιος Α. (Translator, Editor)
Format: Book
Language:Greek
French
Published: Αθήνα : Μίνωας, [196-].
Series:Βιβλιοθήκη Ιουλίου Βερν (Μίνωας) ; 12
Subjects:
Tags: Add Tag
No Tags, Be the first to tag this record!

MARC

LEADER 00000cam a2200000 a 4500
001 1/123987
008 211130q196?####gr | ||| |||| ||gre||
040 |a GR-MyUa   |b gre   |c GR-MyUa   |e AACR2  
041 1 |a gre  |h fre 
082 7 |a 843.8   |2 (23)  
100 1 |a Verne, Jules,   |d 1828-1905. 
245 1 0 |a Ταξίδι στο κέντρο της Γης /   |c Ιουλίου Βερν ; μετάφραση και εκδοτική επιμέλεια: Γ. Α. Βασδέκη.  
260 |a Αθήνα :   |b Μίνωας,   |c [196-].  
300 |a 223 σ. :   |b εικ. ;   |c 24 εκ.  
490 1 |a (Βιβλιοθήκη Ιουλίου Βερν / Μίνωας ;   |v 12)  
500 |a Τίτλος πρωτοτύπου: Voyage au centre de la terre. 
650 0 |a French fiction. 
650 0 |a French literature. 
700 1 |a Βασδέκης, Γεώργιος Α.  |e trl  |e edt 
830 0 |a Βιβλιοθήκη Ιουλίου Βερν (Μίνωας)  |v  ; 12 
852 |a INST  |b RHODES  |c AKA  |e 20211130  |h 843.8 VER  |p 005400042436  |q 005400042436  |t BK  |y 0 
922 |a 4ΕΛΗ  |b 2021/11 
970 |a Σιδερή   |b Νεκταρία   |z 2021/11/30